[Event "Oberoesterreich-ch op"]
[Site "Traun"]
[Date "2017.04.10"]
[Round "4"]
[White "Dumancic, Stanko"]
[Black "Hoebarth, Guenter"]
[Result "1/2-1/2"]
[WhiteElo "1806"]
[BlackElo "1930"]
[PlyCount "97"]
[EventDate "2017.04.07"]
[EventType "swiss"]
[EventRounds "9"]
[EventCountry "AUT"]
[SourceTitle "EXT 2024"]
[Source "ChessBase"]
[SourceDate "2023.10.10"]
[SourceVersion "1"]
[SourceVersionDate "2023.10.10"]
[SourceQuality "1"]

1. e4 d6 2. Bc4 Nf6 3. d3 c6 4. a4 Bg4 5. f3 Bh5 6. g4 Bg6 7. g5 d5 8. Bb3 Nfd7 9. h4 h5 10. exd5 cxd5 11. Bxd5 Nc6 12. Bxc6 bxc6 13. d4 Qc7 14. Ne2 Qa5+ 15. Bd2 Qf5 16. Nf4 Qxc2 17. Nxg6 Qxg6 18. 0-0 Qd6 19. Be1 e5 20. Bf2 Be7 21. Nc3 0-0 22. Ne4 Qe6 23. Kh2 exd4 24. Bxd4 Ne5 25. Qe2 Qf5 26. Kg2 Ng6 27. Qf2 Nf4+ 28. Kh1 Rfd8 29. Bc3 Rd3 30. Rae1 Rxc3 31. bxc3 Nd3 32. Qg3 Nxe1 33. Rxe1 g6 34. Kg2 Rd8 35. Qc7 Qd7 36. Qe5 Qe6 37. Qa5 Rd2+ 38. Kg1 Rd5 39. Qc7 Bc5+ 40. Kg2 Rd2+ 41. Kg3 Bf2+ 42. Kg2 Bb6+ 43. Nxd2 Qxe1 44. Qb8+ Kg7 45. Ne4 Qg1+ 46. Kh3 Qf1+ 47. Kg3 Qg1+ 48. Kh3 Qh1+ 49. Kg3 1/2-1/2

[Event "Oberoesterreich-ch op"]
[Site "Traun"]
[Date "2017.04.08"]
[Round "2"]
[White "Dumancic, Stanko"]
[Black "Charaus, Florian"]
[Result "0-1"]
[WhiteElo "1806"]
[BlackElo "2035"]
[PlyCount "62"]
[EventDate "2017.04.07"]
[EventType "swiss"]
[EventRounds "9"]
[EventCountry "AUT"]
[SourceTitle "EXT 2024"]
[Source "ChessBase"]
[SourceDate "2023.10.10"]
[SourceVersion "1"]
[SourceVersionDate "2023.10.10"]
[SourceQuality "1"]

1. e4 b6 2. Nf3 Bb7 3. Nc3 e6 4. Be2 Bb4 5. d3 Nf6 6. 0-0 0-0 7. a3 Be7 8. h3 d6 9. Nh2 c5 10. Bf3 Nc6 11. g3 d5 12. Ng4 Nxg4 13. hxg4 d4 14. Nb1 Ne5 15. Bg2 f5 16. gxf5 exf5 17. Qh5 g6 18. Qh3 Qd7 19. Bf4 Ng4 20. Bf3 g5 21. Bc1 Ne5 22. Qh5 Nxf3+ 23. Qxf3 fxe4 24. Qe2 e3 25. f4 Qd5 26. Kh2 gxf4 27. gxf4 Rf6 28. Rg1+ Kh8 29. Bxe3 Rh6+ 30. Kg3 Bh4+ 31. Kh2 Bf2+ 0-1

[Event "Hoersching op 3rd"]
[Site "Hoersching"]
[Date "2015.09.04"]
[Round "5"]
[White "Dumancic, Stanko"]
[Black "Keim, Philipp"]
[Result "0-1"]
[WhiteElo "1880"]
[BlackElo "1876"]
[PlyCount "124"]
[EventDate "2015.08.31"]
[EventType "swiss"]
[EventRounds "7"]
[EventCountry "AUT"]
[SourceTitle "EXT 2016"]
[Source "ChessBase"]
[SourceDate "2015.10.08"]
[SourceVersion "1"]
[SourceVersionDate "2015.10.08"]
[SourceQuality "1"]

1. d4 c6 2. e4 d5 3. Nc3 dxe4 4. Nxe4 Bf5 5. Ng3 Bg6 6. h4 h6 7. h5 Bh7 8. Nf3 Nd7 9. Bd3 Bxd3 10. Qxd3 Ngf6 11. Bd2 e6 12. 0-0-0 Be7 13. Qe2 0-0 14. Ne5 Rc8 15. Kb1 b6 16. Bc1 b5 17. Rd3 Nb6 18. Rhd1 a5 19. Ne4 Qd5 20. Nc3 Qd6 21. Rg3 Kh8 22. Bf4 Qd8 23. Rdd3 b4 24. Ne4 Nbd5 25. Bc1 a4 26. b3 Nxe4 27. Qxe4 Nc3+ 28. Rxc3 bxc3 29. Nxc6 Qd7 30. Nxe7 Qxe7 31. Qg4 f5 32. Qe2 axb3 33. cxb3 c2+ 34. Ka1 f4 35. Rg6 Qc7 36. Qd3 Rfe8 37. Kb2 e5 38. d5 e4 39. Qd4 Qe5 40. Qxe5 Rxe5 41. d6 e3 42. fxe3 fxe3 43. d7 Rd8 44. Kxc2 e2 45. Bd2 e1Q 46. Bxe1 Rxe1 47. Rd6 Re2+ 48. Rd2 Rxd2+ 49. Kxd2 Kg8 50. Kc3 Kf7 51. Kc4 Ke6 52. Kb5 Kxd7 53. b4 Kc7 54. g4 Ra8 55. a4 Kd6 56. a5 Rb8+ 57. Kc4 Kc6 58. Kc3 Kb5 59. Kd4 Kxb4 60. a6 Ra8 61. Ke5 Rxa6 62. Kf5 Kc4 0-1

[Event "Hoersching op 3rd"]
[Site "Hoersching"]
[Date "2015.09.01"]
[Round "2"]
[White "Traunwieser, Georg"]
[Black "Dumancic, Stanko"]
[Result "1-0"]
[WhiteElo "2088"]
[BlackElo "1880"]
[PlyCount "73"]
[EventDate "2015.08.31"]
[EventType "swiss"]
[EventRounds "7"]
[EventCountry "AUT"]
[SourceTitle "EXT 2016"]
[Source "ChessBase"]
[SourceDate "2015.10.08"]
[SourceVersion "1"]
[SourceVersionDate "2015.10.08"]
[SourceQuality "1"]

1. d4 e6 2. c4 d5 3. Nc3 Nf6 4. cxd5 Nxd5 5. e4 Nxc3 6. bxc3 c6 7. Nf3 Nd7 8. Bd3 Be7 9. Bd2 b6 10. a4 Bb7 11. h4 0-0 12. e5 a6 13. Bxh7+ Kh8 14. Bb1 g6 15. h5 Kg7 16. Bh6+ Kxh6 17. hxg6+ Kg7 18. Rh7+ Kg8 19. g7 f5 20. gxf8Q+ Nxf8 21. Rh3 c5 22. Rg3+ Kf7 23. Ba2 Bh4 24. Ng5+ Ke7 25. Qh5 Bxg5 26. Rxg5 Kd7 27. Rg7+ Kc8 28. Qf7 Bc6 29. Rg8 Ra7 30. Qxa7 Bb7 31. Bxe6+ Nxe6 32. Rxd8+ Nxd8 33. Qxb6 cxd4 34. cxd4 Kd7 35. Rc1 Be4 36. Rc7+ Ke8 37. Qf6 1-0

[Event "Hoersching op 3rd"]
[Site "Hoersching"]
[Date "2015.08.31"]
[Round "1"]
[White "Dumancic, Stanko"]
[Black "Wimmer, Peter"]
[Result "1-0"]
[WhiteElo "1880"]
[BlackElo "1273"]
[PlyCount "49"]
[EventDate "2015.08.31"]
[EventType "swiss"]
[EventRounds "7"]
[EventCountry "AUT"]
[SourceTitle "EXT 2016"]
[Source "ChessBase"]
[SourceDate "2015.10.08"]
[SourceVersion "1"]
[SourceVersionDate "2015.10.08"]
[SourceQuality "1"]

1. d4 Nf6 2. c4 e5 3. dxe5 Ne4 4. Nd2 Bb4 5. Ngf3 0-0 6. a3 Bxd2+ 7. Bxd2 d6 8. exd6 cxd6 9. e3 Bg4 10. Be2 Nc6 11. 0-0 Ng5 12. Bc3 f6 13. Re1 Ne5 14. Nxg5 Bxe2 15. Qd5+ Kh8 16. Bxe5 fxe5 17. Ne6 Qf6 18. Rxe2 Rf7 19. Ng5 Re7 20. Ne4 Qg6 21. Qxd6 Qf7 22. Qd5 Qe8 23. Rd1 Qa4 24. Nc3 Qe8 25. Red2 1-0

[Event "Braunau op"]
[Site "Braunau"]
[Date "2013.09.20"]
[Round "1"]
[White "Boricsev, Oleg"]
[Black "Dumancic, Stanko"]
[Result "1-0"]
[WhiteElo "2337"]
[BlackElo "1804"]
[PlyCount "63"]
[EventDate "2013.09.20"]
[EventType "swiss"]
[EventRounds "5"]
[EventCountry "AUT"]
[SourceTitle "CBM 156 Extra"]
[Source "ChessBase"]
[SourceDate "2013.10.22"]
[SourceVersion "1"]
[SourceVersionDate "2013.10.22"]
[SourceQuality "1"]

1. e4 c5 2. c3 Qc7 3. d4 cxd4 4. cxd4 e6 5. Nc3 Bb4 6. Nge2 a6 7. a3 Be7 8. Bf4 d6 9. Rc1 Qa5 10. b4 Qd8 11. Ng3 b5 12. Nh5 g6 13. Ng3 Bg5 14. Bxg5 Qxg5 15. Nxb5 axb5 16. Rxc8+ Ke7 17. h4 Qf4 18. Bxb5 h5 19. 0-0 Kf6 20. e5+ Kg7 21. Bc6 Rxa3 22. Rxb8 Qxh4 23. Bf3 d5 24. Qc1 Rxf3 25. gxf3 Qxd4 26. Qc5 Qf4 27. Qe3 Qh4 28. Kg2 Qe7 29. Qc5 Qg5 30. Qf8+ Kh7 31. Qxf7+ Kh6 32. f4 1-0

[Event "Hoersching op 1st"]
[Site "Hoersching"]
[Date "2013.03.26"]
[Round "5"]
[White "Kirchmayr, Wilhelm"]
[Black "Dumancic, Stanko"]
[Result "1-0"]
[WhiteElo "2036"]
[BlackElo "1805"]
[PlyCount "71"]
[EventDate "2013.03.22"]
[EventType "swiss"]
[EventRounds "7"]
[EventCountry "AUT"]
[SourceTitle "CBM 153 Extra"]
[Source "ChessBase"]
[SourceDate "2013.04.22"]
[SourceVersion "1"]
[SourceVersionDate "2013.04.22"]
[SourceQuality "1"]

1. c4 Nf6 2. g3 c6 3. Nf3 d5 4. b3 e6 5. Bb2 Be7 6. Bg2 0-0 7. 0-0 Ne8 8. Qc2 Bf6 9. d4 Na6 10. a3 g6 11. Nbd2 Bg7 12. e4 Nd6 13. e5 Nf5 14. b4 Bd7 15. Nb3 b6 16. Bc1 h6 17. h4 Rc8 18. c5 bxc5 19. Nxc5 Nxc5 20. Qxc5 Rc7 21. Rd1 Re8 22. Bf1 Bf8 23. Qa5 Be7 24. Kg2 Kh7 25. Be2 Qb8 26. Qa6 Bc8 27. Qd3 Rb7 28. g4 Ng7 29. Qe3 Rh8 30. Qxh6+ Kg8 31. Qf4 Bxh4 32. Nxh4 Rxh4 33. Qg5 Rh7 34. Qd8+ Ne8 35. Qxe8+ Kg7 36. Bg5 1-0